<?xml version="1.0" encoding="UTF-8"?>
<record
    xmlns:xsi="http://www.w3.org/2001/XMLSchema-instance"
    xsi:schemaLocation="http://www.loc.gov/MARC21/slim http://www.loc.gov/standards/marcxml/schema/MARC21slim.xsd"
    xmlns="http://www.loc.gov/MARC21/slim">

  <leader>00405nam a22001697a 4500</leader>
  <controlfield tag="003">OSt</controlfield>
  <controlfield tag="005">20260326144543.0</controlfield>
  <controlfield tag="008">260326b        |||||||| |||| 00| 0 eng d</controlfield>
  <datafield tag="020" ind1=" " ind2=" ">
    <subfield code="a">9789393168368</subfield>
  </datafield>
  <datafield tag="040" ind1=" " ind2=" ">
    <subfield code="c">IIMT UNIVERSITY</subfield>
  </datafield>
  <datafield tag="100" ind1=" " ind2=" ">
    <subfield code="a">Singh B D</subfield>
  </datafield>
  <datafield tag="245" ind1=" " ind2=" ">
    <subfield code="a">Fundamentals Of Genetics </subfield>
  </datafield>
  <datafield tag="250" ind1=" " ind2=" ">
    <subfield code="a">6Th Ed</subfield>
  </datafield>
  <datafield tag="260" ind1=" " ind2=" ">
    <subfield code="a">nEW dELHI</subfield>
    <subfield code="b">Medtech Science Press</subfield>
    <subfield code="c">2025</subfield>
  </datafield>
  <datafield tag="300" ind1=" " ind2=" ">
    <subfield code="a">702</subfield>
  </datafield>
  <datafield tag="942" ind1=" " ind2=" ">
    <subfield code="2">ddc</subfield>
    <subfield code="c">02</subfield>
  </datafield>
  <datafield tag="999" ind1=" " ind2=" ">
    <subfield code="c">67697</subfield>
    <subfield code="d">67697</subfield>
  </datafield>
  <datafield tag="952" ind1=" " ind2=" ">
    <subfield code="0">0</subfield>
    <subfield code="1">0</subfield>
    <subfield code="2">ddc</subfield>
    <subfield code="4">0</subfield>
    <subfield code="7">0</subfield>
    <subfield code="a">01</subfield>
    <subfield code="b">01</subfield>
    <subfield code="d">2026-03-26</subfield>
    <subfield code="e">R Lall</subfield>
    <subfield code="f">AGRICULTUR</subfield>
    <subfield code="g">895.00</subfield>
    <subfield code="i">GD/IN/428,24-03-2026</subfield>
    <subfield code="l">0</subfield>
    <subfield code="p">01-B-148024</subfield>
    <subfield code="r">2026-03-26</subfield>
    <subfield code="w">2026-03-26</subfield>
    <subfield code="y">02</subfield>
  </datafield>
  <datafield tag="952" ind1=" " ind2=" ">
    <subfield code="0">0</subfield>
    <subfield code="1">0</subfield>
    <subfield code="2">ddc</subfield>
    <subfield code="4">0</subfield>
    <subfield code="7">0</subfield>
    <subfield code="a">01</subfield>
    <subfield code="b">01</subfield>
    <subfield code="d">2026-03-26</subfield>
    <subfield code="e">R Lall</subfield>
    <subfield code="f">AGRICULTUR</subfield>
    <subfield code="g">895.00</subfield>
    <subfield code="i">GD/IN/428,24-03-2026</subfield>
    <subfield code="l">0</subfield>
    <subfield code="p">01-B-148025</subfield>
    <subfield code="r">2026-03-26</subfield>
    <subfield code="w">2026-03-26</subfield>
    <subfield code="y">02</subfield>
  </datafield>
  <datafield tag="952" ind1=" " ind2=" ">
    <subfield code="0">0</subfield>
    <subfield code="1">0</subfield>
    <subfield code="2">ddc</subfield>
    <subfield code="4">0</subfield>
    <subfield code="7">0</subfield>
    <subfield code="a">01</subfield>
    <subfield code="b">01</subfield>
    <subfield code="d">2026-03-26</subfield>
    <subfield code="e">R Lall</subfield>
    <subfield code="f">AGRICULTUR</subfield>
    <subfield code="g">895.00</subfield>
    <subfield code="i">GD/IN/428,24-03-2026</subfield>
    <subfield code="l">0</subfield>
    <subfield code="p">01-B-148026</subfield>
    <subfield code="r">2026-03-26</subfield>
    <subfield code="w">2026-03-26</subfield>
    <subfield code="y">02</subfield>
  </datafield>
  <datafield tag="952" ind1=" " ind2=" ">
    <subfield code="0">0</subfield>
    <subfield code="1">0</subfield>
    <subfield code="2">ddc</subfield>
    <subfield code="4">0</subfield>
    <subfield code="7">0</subfield>
    <subfield code="a">01</subfield>
    <subfield code="b">01</subfield>
    <subfield code="d">2026-03-26</subfield>
    <subfield code="e">R Lall</subfield>
    <subfield code="f">AGRICULTUR</subfield>
    <subfield code="g">895.00</subfield>
    <subfield code="i">GD/IN/428,24-03-2026</subfield>
    <subfield code="l">0</subfield>
    <subfield code="p">01-B-148027</subfield>
    <subfield code="r">2026-03-26</subfield>
    <subfield code="w">2026-03-26</subfield>
    <subfield code="y">02</subfield>
  </datafield>
  <datafield tag="952" ind1=" " ind2=" ">
    <subfield code="0">0</subfield>
    <subfield code="1">0</subfield>
    <subfield code="2">ddc</subfield>
    <subfield code="4">0</subfield>
    <subfield code="7">0</subfield>
    <subfield code="a">01</subfield>
    <subfield code="b">01</subfield>
    <subfield code="d">2026-03-26</subfield>
    <subfield code="e">R Lall</subfield>
    <subfield code="f">AGRICULTUR</subfield>
    <subfield code="g">895.00</subfield>
    <subfield code="i">GD/IN/428,24-03-2026</subfield>
    <subfield code="l">0</subfield>
    <subfield code="p">01-B-148028</subfield>
    <subfield code="r">2026-03-26</subfield>
    <subfield code="w">2026-03-26</subfield>
    <subfield code="y">02</subfield>
  </datafield>
  <datafield tag="952" ind1=" " ind2=" ">
    <subfield code="0">0</subfield>
    <subfield code="1">0</subfield>
    <subfield code="2">ddc</subfield>
    <subfield code="4">0</subfield>
    <subfield code="7">0</subfield>
    <subfield code="a">01</subfield>
    <subfield code="b">01</subfield>
    <subfield code="d">2026-03-26</subfield>
    <subfield code="e">R Lall</subfield>
    <subfield code="f">AGRICULTUR</subfield>
    <subfield code="g">895.00</subfield>
    <subfield code="i">GD/IN/428,24-03-2026</subfield>
    <subfield code="l">0</subfield>
    <subfield code="p">01-B-148029</subfield>
    <subfield code="r">2026-03-26</subfield>
    <subfield code="w">2026-03-26</subfield>
    <subfield code="y">02</subfield>
  </datafield>
  <datafield tag="952" ind1=" " ind2=" ">
    <subfield code="0">0</subfield>
    <subfield code="1">0</subfield>
    <subfield code="2">ddc</subfield>
    <subfield code="4">0</subfield>
    <subfield code="7">0</subfield>
    <subfield code="a">01</subfield>
    <subfield code="b">01</subfield>
    <subfield code="d">2026-03-26</subfield>
    <subfield code="e">R Lall</subfield>
    <subfield code="f">AGRICULTUR</subfield>
    <subfield code="g">895.00</subfield>
    <subfield code="i">GD/IN/428,24-03-2026</subfield>
    <subfield code="l">0</subfield>
    <subfield code="p">01-B-148030</subfield>
    <subfield code="r">2026-03-26</subfield>
    <subfield code="w">2026-03-26</subfield>
    <subfield code="y">02</subfield>
  </datafield>
  <datafield tag="952" ind1=" " ind2=" ">
    <subfield code="0">0</subfield>
    <subfield code="1">0</subfield>
    <subfield code="2">ddc</subfield>
    <subfield code="4">0</subfield>
    <subfield code="7">0</subfield>
    <subfield code="a">01</subfield>
    <subfield code="b">01</subfield>
    <subfield code="d">2026-03-26</subfield>
    <subfield code="e">R Lall</subfield>
    <subfield code="f">AGRICULTUR</subfield>
    <subfield code="g">895.00</subfield>
    <subfield code="i">GD/IN/428,24-03-2026</subfield>
    <subfield code="l">0</subfield>
    <subfield code="p">01-B-148031</subfield>
    <subfield code="r">2026-03-26</subfield>
    <subfield code="w">2026-03-26</subfield>
    <subfield code="y">02</subfield>
  </datafield>
  <datafield tag="952" ind1=" " ind2=" ">
    <subfield code="0">0</subfield>
    <subfield code="1">0</subfield>
    <subfield code="2">ddc</subfield>
    <subfield code="4">0</subfield>
    <subfield code="7">0</subfield>
    <subfield code="a">01</subfield>
    <subfield code="b">01</subfield>
    <subfield code="d">2026-03-26</subfield>
    <subfield code="e">R Lall</subfield>
    <subfield code="f">AGRICULTUR</subfield>
    <subfield code="g">895.00</subfield>
    <subfield code="i">GD/IN/428,24-03-2026</subfield>
    <subfield code="l">0</subfield>
    <subfield code="p">01-B-148032</subfield>
    <subfield code="r">2026-03-26</subfield>
    <subfield code="w">2026-03-26</subfield>
    <subfield code="y">02</subfield>
  </datafield>
</record>
